[Event "XXVII. Rhein-Main-Open, Gruppe A"]
[Site "Bad Homburg vor der Höhe"]
[Date "2025.06.21"]
[Round "6.25"]
[White "Mandalka, Justus"]
[Black "Sasikumar Anitha, Sarvesh"]
[Result "1-0"]
[WhiteElo "2076"]
[BlackElo "1987"]
[PlyCount "83"]
[GameId "535116227273"]
[EventDate "2025.06.18"]
[WhiteTeam "SK Bad Homburg 1927"]
[BlackTeam "SK 1858 Gießen"]

1. Nf3 Nf6 2. Rg1 d5 3. h3 h5 4. d4 c5 5. e3 Nc6 6. Ne5 e6 7. g4 hxg4 8. hxg4 cxd4 9. exd4 Ne4 10. g5 Nxe5 11. dxe5 Bc5 12. Rg2 Bxf2+ 13. Rxf2 Nxf2 14. Kxf2 Bd7 15. Qd4 g6 16. Bg2 Rc8 17. c3 a6 18. Na3 Qe7 19. Be3 Rh5 20. Rh1 Rxh1 21. Bxh1 Bc6 22. Qh4 b5 23. Nc2 Bb7 24. Bd4 Kd7 25. Bf3 a5 26. a3 Ra8 27. Be2 Bc6 28. b4 axb4 29. axb4 Ra2 30. Bc5 Qd8 31. Nd4 Qe8 32. Qf4 Kc7 33. Bd6+ Kb7 34. Nb3 Ra8 35. Qd4 Ra6 36. Nc5+ Ka7 37. Nxa6+ Kxa6 38. Bc7 Kb7 39. Qb6+ Kc8 40. Bd6 Qd8 41. Qxc6+ Qc7 42. Qxc7# 1-0

[Event "XXVII. Rhein-Main-Open, Gruppe A"]
[Site "Bad Homburg vor der Höhe"]
[Date "2025.06.21"]
[Round "6.26"]
[White "Jonnek, Thomas"]
[Black "Gundel, Julian"]
[Result "1/2-1/2"]
[WhiteElo "2040"]
[BlackElo "1785"]
[PlyCount "45"]
[GameId "535116227274"]
[EventDate "2025.06.18"]
[WhiteTeam "SF Bremer Osten Bürgerhaus Mahnd"]
[BlackTeam "SV Königsspringer 1929 Großauhei"]

1. d4 g6 2. g3 d5 3. Bg2 Bg7 4. Nf3 Nf6 5. O-O O-O 6. c3 c6 7. Nbd2 Bf5 8. Nh4 Bg4 9. h3 Bc8 10. Re1 Nbd7 11. Nhf3 a5 12. e4 dxe4 13. Nxe4 Nxe4 14. Rxe4 Re8 15. Bf4 a4 16. a3 Nf6 17. Re2 Nd5 18. Qd2 Nxf4 19. Qxf4 Be6 20. Ne5 Bb3 21. Rae1 f6 22. Nf3 Bc4 23. Rd2 1/2-1/2

[Event "XXVII. Rhein-Main-Open, Gruppe A"]
[Site "Bad Homburg vor der Höhe"]
[Date "2025.06.21"]
[Round "6.27"]
[White "Feick, Claas Marten"]
[Black "Fucik, Timo"]
[Result "0-1"]
[WhiteElo "1918"]
[BlackElo "1940"]
[PlyCount "128"]
[GameId "535116227275"]
[EventDate "2025.06.18"]
[WhiteTeam "SF Neuberg"]
[BlackTeam "SK 1926 Ettlingen"]

1. e4 c5 2. c3 Nf6 3. e5 Nd5 4. Nf3 Nc6 5. d4 cxd4 6. cxd4 e6 7. Nc3 Nxc3 8. bxc3 d6 9. Ba3 dxe5 10. Bxf8 Kxf8 11. dxe5 Qxd1+ 12. Rxd1 Ke7 13. Bc4 Bd7 14. O-O Rac8 15. Bb3 Na5 16. Rc1 Rc5 17. Rc2 Rhc8 18. Rfc1 Bc6 19. Ne1 Be4 20. Re2 Bg6 21. Re3 b5 22. Kf1 Nc4 23. Bxc4 Rxc4 24. Ke2 Ra4 25. Ra1 Be4 26. f3 Bd5 27. a3 Rc6 28. Nc2 Rca6 29. Rb1 Rc6 30. Ra1 a5 31. Kd2 g5 32. Rb1 Rc5 33. h3 h5 34. g4 f5 35. exf6+ Kxf6 36. Ra1 Rf4 37. Rf1 Bc4 38. Rf2 Rd5+ 39. Kc1 e5 40. Re4 hxg4 41. hxg4 Rd3 42. Rxf4+ gxf4 43. Kb2 Bd5 44. Ne1 Re3 45. Rf1 Kg5 46. Kc2 Re2+ 47. Kb1 e4 48. fxe4 Bxe4+ 49. Kc1 Kxg4 50. Kd1 f3 51. Nxf3 Bxf3 52. Kc1 Ra2 53. Rg1+ Kf4 54. Rg7 Bd5 55. Rd7 Ke4 56. Kb1 Rxa3 57. Kb2 Ra2+ 58. Kb1 Rh2 59. Rd6 a4 60. Ra6 Kd3 61. Rd6 Kc4 62. Rd8 Kb3 63. Kc1 Bc4 64. Ra8 Kxc3 0-1

[Event "XXVII. Rhein-Main-Open, Gruppe A"]
[Site "Bad Homburg vor der Höhe"]
[Date "2025.06.21"]
[Round "6.28"]
[White "Glasschröder, Maximilian"]
[Black "Busch, Lorenz"]
[Result "1/2-1/2"]
[WhiteElo "1938"]
[BlackElo "1972"]
[PlyCount "67"]
[GameId "535116227276"]
[EventDate "2025.06.18"]
[WhiteTeam "SK Weilheim e.V."]
[BlackTeam "SC Bellheim"]

1. e4 e6 2. d4 d5 3. Bd3 dxe4 4. Bxe4 Nf6 5. Bf3 c5 6. Ne2 Nc6 7. Be3 Qb6 8. Nbc3 Nxd4 9. Nxd4 cxd4 10. Bxd4 Bc5 11. Bxc5 Qxc5 12. O-O Bd7 13. Ne4 Nxe4 14. Bxe4 Bc6 15. Bxc6+ Qxc6 16. Qg4 O-O 17. c4 Rfc8 18. b3 a5 19. a4 Qb6 20. Qf3 Rd8 21. Rfd1 Kf8 22. Rxd8+ Rxd8 23. Rd1 Rxd1+ 24. Qxd1 Ke7 25. h4 e5 26. Qf3 f6 27. Qd3 g6 28. Qf3 Qc6 29. Qc3 Qc5 30. Qf3 Qb4 31. Kh2 Qb6 32. Kg1 Qc6 33. Qc3 Qb6 34. Qf3 1/2-1/2

[Event "XXVII. Rhein-Main-Open, Gruppe A"]
[Site "Bad Homburg vor der Höhe"]
[Date "2025.06.21"]
[Round "6.30"]
[White "Rohatgi, Kushagra"]
[Black "Gries, Volker"]
[Result "1/2-1/2"]
[WhiteElo "1771"]
[BlackElo "2016"]
[PlyCount "39"]
[GameId "535116227278"]
[EventDate "2025.06.18"]
[WhiteTeam "SAbt TuS Makkabi Ffm"]
[BlackTeam "SV Oberursel"]

1. e4 e5 2. Nf3 Nf6 3. Nxe5 d6 4. Nf3 Nxe4 5. d3 Nf6 6. d4 Be7 7. Bd3 O-O 8. O-O Re8 9. c3 b6 10. Bf4 Bb7 11. Nbd2 Nbd7 12. Qc2 Nf8 13. Rfe1 Nh5 14. Be3 g6 15. Be4 Bxe4 16. Nxe4 f5 17. Ng3 Nxg3 18. hxg3 Bf6 19. Bf4 Qd7 20. Qd2 1/2-1/2

[Event "XXVII. Rhein-Main-Open, Gruppe A"]
[Site "Bad Homburg vor der Höhe"]
[Date "2025.06.21"]
[Round "6.31"]
[White "Griesfeller, Sven"]
[Black "Fallouh, Philippe"]
[Result "1/2-1/2"]
[WhiteElo "1875"]
[BlackElo "1778"]
[PlyCount "125"]
[GameId "535116227279"]
[EventDate "2025.06.18"]
[WhiteTeam "Schachdrachen Büdingen-Wächtersb"]
[BlackTeam "SK Bad Homburg 1927"]

1. e4 e6 2. d4 d5 3. e5 c5 4. c3 Nc6 5. Nf3 Qb6 6. a3 cxd4 7. cxd4 Nge7 8. b4 Nf5 9. Bb2 Be7 10. Be2 a6 11. O-O Bd7 12. g4 Nh4 13. Nbd2 Ng6 14. Nb3 Nf4 15. Qd2 Nxe2+ 16. Qxe2 Nxb4 17. axb4 Bb5 18. Qd2 Bxf1 19. Kxf1 Qxb4 20. Qxb4 Bxb4 21. Nc5 Bxc5 22. dxc5 h6 23. Bd4 Kd7 24. Rb1 Rhb8 25. Nd2 a5 26. Ra1 Ra6 27. Ra4 Kc6 28. Nb1 Rf8 29. Ke2 f6 30. exf6 gxf6 31. Be3 e5 32. Bxh6 Rg8 33. h4 d4 34. g5 fxg5 35. Bxg5 Kxc5 36. Kd3 b5 37. Ra2 Kd5 38. f3 b4 39. Nd2 Rc8 40. h5 b3 41. Ra1 Rc3+ 42. Ke2 b2 43. Rb1 Rb6 44. Bd8 d3+ 45. Ke3 Rb5 46. Bxa5 Rxa5 47. Rxb2 Ke6 48. Rb6+ Kf5 49. Rd6 Ra1 50. Rxd3 Rxd3+ 51. Kxd3 Rh1 52. Ke3 Rxh5 53. Ne4 Rh8 54. Ng3+ Ke6 55. f4 Rh3 56. Kf3 e4+ 57. Kg2 Rxg3+ 58. Kxg3 Kf5 59. Kg2 Kxf4 60. Kf2 e3+ 61. Ke2 Ke4 62. Ke1 Kd3 63. Kd1 1/2-1/2

[Event "XXVII. Rhein-Main-Open, Gruppe A"]
[Site "Bad Homburg vor der Höhe"]
[Date "2025.06.21"]
[Round "6.32"]
[White "Schmidt, Kai-Uwe"]
[Black "Mayer, Frank"]
[Result "1-0"]
[WhiteElo "1989"]
[BlackElo "1984"]
[PlyCount "63"]
[GameId "535116227280"]
[EventDate "2025.06.18"]
[WhiteTeam "SC Pirmasens 1912"]
[BlackTeam "Wiesbadener SV 1885"]

1. d4 d5 2. Nf3 c5 3. c4 cxd4 4. cxd5 Qxd5 5. Nc3 Qa5 6. Nxd4 Nf6 7. g3 e5 8. Nb3 Qc7 9. Bg2 Bb4 10. O-O Bxc3 11. bxc3 O-O 12. Qc2 Be6 13. Bb2 Nc6 14. c4 Rad8 15. Ba3 Rfe8 16. Rab1 a5 17. Nc5 Bc8 18. Qb2 e4 19. Nxb7 Bxb7 20. Qxb7 Qxb7 21. Rxb7 Rd2 22. Rb2 Red8 23. Rfb1 h6 24. h3 Ne5 25. Be7 Nxc4 26. Bxd8 Nxb2 27. Bxa5 Rxe2 28. Bc3 Nd3 29. Rb8+ Kh7 30. a4 Nxf2 31. Kf1 Ra2 32. Rb2 1-0

[Event "XXVII. Rhein-Main-Open, Gruppe A"]
[Site "Bad Homburg vor der Höhe"]
[Date "2025.06.21"]
[Round "6.33"]
[White "Spiegelberg, Silvia"]
[Black "Wilk, Jan"]
[Result "1-0"]
[WhiteElo "1976"]
[BlackElo "1916"]
[PlyCount "97"]
[GameId "535116227281"]
[EventDate "2025.06.18"]
[WhiteTeam "SF Sasbach e.V."]
[BlackTeam "SC Bellheim"]

1. e4 e6 2. d4 d5 3. Nd2 c5 4. c3 cxd4 5. cxd4 a6 6. Bd3 Nc6 7. Ngf3 Nf6 8. e5 Nd7 9. O-O Be7 10. Re1 O-O 11. Nf1 f5 12. exf6 Nxf6 13. a3 Bd7 14. Bc2 Qe8 15. Qd3 Ne4 16. Ng3 Nf6 17. Bg5 g6 18. Bh6 Rf7 19. Ng5 Ng4 20. Nxf7 Qxf7 21. Be3 Rf8 22. f3 Nxe3 23. Qxe3 Rc8 24. Rac1 Bf6 25. Ne2 Qg7 26. Red1 Na5 27. b3 Qe7 28. a4 Nc6 29. Bb1 Kg7 30. Kh1 Qb4 31. h3 Re8 32. Qc3 Qf8 33. f4 Be7 34. Qe3 Bd6 35. g3 Qf6 36. Ng1 Ne7 37. Kh2 Nf5 38. Bxf5 Qxf5 39. Qd3 Qf6 40. Nf3 Bc6 41. Re1 Re7 42. Ne5 Bxe5 43. Rxe5 Qf7 44. Rce1 Qe8 45. Qe2 Kf6 46. Qg4 h6 47. h4 Qc8 48. h5 Be8 49. Qh4+ 1-0

[Event "XXVII. Rhein-Main-Open, Gruppe A"]
[Site "Bad Homburg vor der Höhe"]
[Date "2025.06.21"]
[Round "6.34"]
[White "Hipler, Andreas"]
[Black "Hornung, Thomas"]
[Result "1/2-1/2"]
[WhiteElo "1890"]
[BlackElo "2001"]
[PlyCount "110"]
[GameId "535116227282"]
[EventDate "2025.06.18"]
[WhiteTeam "SK Gau-Algesheim"]
[BlackTeam "SK Eberstadt 1924"]

1. d4 d5 2. Nf3 Nf6 3. g3 c6 4. Bg2 Bf5 5. c4 e6 6. Nc3 h6 7. Qb3 Qb6 8. c5 Qxb3 9. axb3 Be7 10. b4 O-O 11. h3 Na6 12. b5 Nb4 13. O-O cxb5 14. Nxb5 a6 15. Nc3 g5 16. Ra4 Nc6 17. Bd2 Kg7 18. Rc1 Ne4 19. Be1 Bf6 20. e3 Rfd8 21. Nd2 Nxd2 22. Bxd2 Bd3 23. Bf1 Bxf1 24. Kxf1 e5 25. Ne2 exd4 26. Nxd4 Bxd4 27. exd4 Re8 28. f3 Re6 29. Re1 Rae8 30. Rxe6 Rxe6 31. g4 Kg6 32. Kf2 f5 33. Bc3 h5 34. Ra3 f4 35. Rb3 Re7 36. Rb6 h4 37. Rb3 Kf7 38. Ra3 Ke8 39. Ra1 Kd7 40. Re1 Rxe1 41. Kxe1 Nd8 42. Ke2 Ne6 43. Kd3 Kc6 44. b3 Kb5 45. Bd2 a5 46. Bc3 a4 47. Kc2 axb3+ 48. Kxb3 Nc7 49. Be1 Ne8 50. Bd2 Nf6 51. Be1 Ne8 52. Bd2 Nc7 53. Be1 Ne6 54. Bc3 Nd8 55. Bd2 Ne6 1/2-1/2

[Event "XXVII. Rhein-Main-Open, Gruppe A"]
[Site "Bad Homburg vor der Höhe"]
[Date "2025.06.21"]
[Round "6.35"]
[White "Schmitt, Carsten"]
[Black "Hasenpflug, Till"]
[Result "1/2-1/2"]
[WhiteElo "1917"]
[BlackElo "1810"]
[PlyCount "41"]
[GameId "535116227283"]
[EventDate "2025.06.18"]
[WhiteTeam "SV Bergwinkel"]
[BlackTeam "SK Bad Homburg 1927"]

1. c4 e5 2. g3 Nf6 3. Bg2 c6 4. d4 e4 5. Nc3 d5 6. a3 h5 7. h3 Nbd7 8. Bg5 Be7 9. e3 b6 10. Nge2 Ba6 11. cxd5 cxd5 12. Qa4 Bxe2 13. Bxf6 Bc4 14. Bxe7 Qxe7 15. b3 b5 16. Nxb5 Nb6 17. Nd6+ Kf8 18. Qb4 Bxb3 19. Qxb3 Qxd6 20. O-O Ke7 21. Rfc1 1/2-1/2

[Event "XXVII. Rhein-Main-Open, Gruppe A"]
[Site "Bad Homburg vor der Höhe"]
[Date "2025.06.21"]
[Round "6.36"]
[White "Hornung, Fabian"]
[Black "Karaissaridis, Christos"]
[Result "1/2-1/2"]
[WhiteElo "1854"]
[BlackElo "1904"]
[PlyCount "63"]
[GameId "535116227284"]
[EventDate "2025.06.18"]
[WhiteTeam "SK Gernsbach 1949"]
[BlackTeam "SK 1947 Sandhausen e.V."]

1. e4 d6 2. Bc4 Nf6 3. d3 g6 4. Nc3 Nc6 5. f4 Na5 6. Bb3 Nxb3 7. axb3 Bg7 8. Nf3 c6 9. O-O O-O 10. Qe1 Qc7 11. Qh4 e5 12. fxe5 dxe5 13. h3 Nh5 14. Ne2 Bf6 15. Qf2 c5 16. g4 Nf4 17. Nxf4 exf4 18. e5 Bxe5 19. Nxe5 Qxe5 20. Bxf4 Qd5 21. Rae1 b6 22. Bh6 Bb7 23. Re4 f5 24. Bxf8 fxe4 25. Bh6 Qd4 26. Be3 Qg7 27. d4 Rf8 28. Qxf8+ Qxf8 29. Rxf8+ Kxf8 30. dxc5 b5 31. c4 Ba6 32. cxb5 1/2-1/2

[Event "XXVII. Rhein-Main-Open, Gruppe A"]
[Site "Bad Homburg vor der Höhe"]
[Date "2025.06.21"]
[Round "6.37"]
[White "Kuban, Günther"]
[Black "Mallmann, Bernd"]
[Result "1/2-1/2"]
[WhiteElo "2084"]
[BlackElo "1855"]
[PlyCount "37"]
[GameId "535116227285"]
[EventDate "2025.06.18"]
[WhiteTeam "Königsspringer Karben"]
[BlackTeam "Schulschach IGS Trier e.V."]

1. e4 c5 2. Nf3 e6 3. d4 cxd4 4. Nxd4 a6 5. Be3 Be7 6. Bd3 Nf6 7. O-O d6 8. Nd2 Nbd7 9. c3 O-O 10. h3 Qc7 11. Rc1 b6 12. Bb1 Bb7 13. Ne2 Rac8 14. g4 d5 15. Ng3 dxe4 16. Ndxe4 Nxe4 17. Bxe4 Bxe4 18. Nxe4 Nc5 19. Nxc5 1/2-1/2

[Event "XXVII. Rhein-Main-Open, Gruppe A"]
[Site "Bad Homburg vor der Höhe"]
[Date "2025.06.21"]
[Round "6.38"]
[White "Moldenhauer, Lennart"]
[Black "Siegismund, Florian"]
[Result "1-0"]
[WhiteElo "1751"]
[BlackElo "1875"]
[PlyCount "51"]
[GameId "535116227286"]
[EventDate "2025.06.18"]
[WhiteTeam "SV Oberursel"]
[BlackTeam "SK Bad Schwalbach"]

1. e4 c6 2. Nc3 d5 3. Nf3 dxe4 4. Nxe4 Nf6 5. Nxf6+ exf6 6. Bc4 Bd6 7. Qe2+ Be7 8. O-O O-O 9. Re1 Bd6 10. c3 a5 11. a4 Na6 12. d4 Nc7 13. Qd3 Bg4 14. Nd2 Ne6 15. g3 Qd7 16. Ne4 Bc7 17. d5 Rad8 18. dxe6 Qxd3 19. Bxd3 Rxd3 20. e7 Re8 21. Nc5 Rd1 22. Rxd1 Bxd1 23. Bf4 Bxf4 24. Rxd1 Bc7 25. Rd7 Bb6 26. Nxb7 1-0

[Event "XXVII. Rhein-Main-Open, Gruppe A"]
[Site "Bad Homburg vor der Höhe"]
[Date "2025.06.21"]
[Round "6.41"]
[White "Kretner, Georg-Ulrich"]
[Black "Rotärmel, Leonie"]
[Result "1/2-1/2"]
[WhiteElo "1909"]
[BlackElo "1699"]
[PlyCount "34"]
[GameId "535116227289"]
[EventDate "2025.06.18"]
[WhiteTeam "SC Bad Nauheim"]
[BlackTeam "SK Bad Homburg 1927"]

1. d4 d5 2. c4 dxc4 3. Nf3 Nf6 4. e3 e6 5. Bxc4 a6 6. O-O c5 7. Qe2 Nbd7 8. Rd1 Qc7 9. a4 b6 10. Nc3 Bb7 11. Bd3 cxd4 12. exd4 Be7 13. Bg5 O-O 14. Rac1 Qd8 15. Ne5 h6 16. Nxd7 Qxd7 17. Bh4 Nd5 1/2-1/2

[Event "XXVII. Rhein-Main-Open, Gruppe A"]
[Site "Bad Homburg vor der Höhe"]
[Date "2025.06.21"]
[Round "6.42"]
[White "Liu, Jonas"]
[Black "Nickel, Jonas"]
[Result "0-1"]
[WhiteElo "1645"]
[BlackElo "1926"]
[PlyCount "58"]
[GameId "535116227290"]
[EventDate "2025.06.18"]
[WhiteTeam "SV Oberursel"]
[BlackTeam "Schachdrachen Büdingen-Wächtersb"]

1. e4 c5 2. Nf3 Nc6 3. c3 g6 4. d4 cxd4 5. cxd4 d5 6. e5 Bg4 7. Be3 Bg7 8. Be2 Nh6 9. h3 Bxf3 10. Bxf3 Nf5 11. Nc3 e6 12. O-O O-O 13. g3 f6 14. exf6 Qxf6 15. Ne2 Nfxd4 16. Nxd4 Nxd4 17. Bg2 Rac8 18. Re1 Nc2 19. Rc1 Nxe1 20. Qxe1 b6 21. Rxc8 Rxc8 22. Bd4 Qf7 23. Bxg7 Kxg7 24. Qe5+ Qf6 25. Qd6 Rc2 26. f4 g5 27. Qd7+ Qf7 28. Qd6 gxf4 29. Qe5+ Qf6 0-1

[Event "XXVII. Rhein-Main-Open, Gruppe A"]
[Site "Bad Homburg vor der Höhe"]
[Date "2025.06.21"]
[Round "6.43"]
[White "Papadopoulos, Kyriakos"]
[Black "Fang, Borui"]
[Result "1-0"]
[WhiteElo "1726"]
[BlackElo "1857"]
[PlyCount "55"]
[GameId "535116227291"]
[EventDate "2025.06.18"]
[WhiteTeam "VSG 1880 Offenbach"]
[BlackTeam "SV Oberursel"]

1. e4 e5 2. Nf3 Nc6 3. Nc3 Nf6 4. Bb5 a6 5. Ba4 b5 6. Bb3 Bc5 7. d3 d6 8. h3 Bb7 9. Bg5 h6 10. Be3 Ba7 11. O-O O-O 12. Nd5 Nxd5 13. Bxd5 Bxe3 14. fxe3 Rb8 15. Qe1 Ne7 16. Bb3 Nc6 17. Nh4 Na5 18. Qxa5 Qxh4 19. Qxc7 d5 20. exd5 Qg5 21. e4 Bc8 22. Rf3 Rb7 23. Qc6 Rd7 24. Raf1 f6 25. d6+ Kh7 26. Be6 Rdd8 27. d7 Bxd7 28. Bxd7 1-0

[Event "XXVII. Rhein-Main-Open, Gruppe A"]
[Site "Bad Homburg vor der Höhe"]
[Date "2025.06.21"]
[Round "6.44"]
[White "Ziska, Stephan"]
[Black "Glavev, Danail"]
[Result "1/2-1/2"]
[WhiteElo "1862"]
[BlackElo "1655"]
[PlyCount "32"]
[GameId "535116227292"]
[EventDate "2025.06.18"]
[WhiteTeam "Schachforum Darmstadt"]
[BlackTeam "SK Bad Homburg 1927"]

1. d4 d5 2. c4 e6 3. Nf3 Nf6 4. Nc3 Be7 5. Bg5 O-O 6. e3 h6 7. Bh4 c5 8. dxc5 dxc4 9. Qxd8 Rxd8 10. Bxc4 Bxc5 11. Bxf6 gxf6 12. Rd1 Rxd1+ 13. Kxd1 Nc6 14. Ke2 e5 15. h3 Be6 16. Bxe6 fxe6 1/2-1/2

[Event "XXVII. Rhein-Main-Open, Gruppe A"]
[Site "Bad Homburg vor der Höhe"]
[Date "2025.06.21"]
[Round "6.45"]
[White "Fischer, Frederik"]
[Black "Varma, Christopher"]
[Result "1/2-1/2"]
[WhiteElo "1651"]
[BlackElo "1924"]
[Annotator "Rondio,Thomas"]
[PlyCount "70"]
[GameId "535116227293"]
[EventDate "2025.06.18"]
[WhiteTeam "SV Oberursel"]
[BlackTeam "SV Oberursel"]

{[%evp 0,58,25,-25,-33,-11,8,-18,-21,-54,-52,-48,-51,-57,10,-23,-31,-64,-51,-36,-19,-48,-45,-26,-30,-96,-81,-77,-23,-18,-13,-33,3,-32,-28,-23,-7,-4,7,-10,2,-4,4,-24,-3,-72,-21,-57,43,28,41,53,13,18,38,4,36,0,4,1,0]} 1. c4 e5 2. Nc3 Bb4 3. Qc2 Nf6 4. g3 O-O 5. Bg2 Re8 6. Nd5 Bf8 7. Nxf6+ Qxf6 8. e3 Nc6 9. a3 a5 10. b3 d6 11. Bb2 Bf5 12. Be4 Bxe4 13. Qxe4 Qe6 14. Ne2 f5 15. Qd5 Nd8 16. Qxe6+ Nxe6 17. d4 e4 18. h4 g6 19. Kd2 Bg7 20. Nf4 Nxf4 21. exf4 Ra6 22. Bc3 c5 23. Ke3 Kf7 24. h5 Rb6 25. hxg6+ hxg6 26. Rab1 Ra6 27. Rhc1 b6 28. d5 Bxc3 29. Rxc3 Rea8 30. a4 Rh8 31. Rcc1 Raa8 32. Rh1 Kg7 33. Rbg1 Kf6 34. Re1 Rag8 35. f3 Rxh1 1/2-1/2

[Event "XXVII. Rhein-Main-Open, Gruppe A"]
[Site "Bad Homburg vor der Höhe"]
[Date "2025.06.21"]
[Round "6.46"]
[White "Shanawaz Thabrez, Shahzaib"]
[Black "Schmitt, Clemens"]
[Result "0-1"]
[WhiteElo "1884"]
[BlackElo "1881"]
[PlyCount "60"]
[GameId "535116227294"]
[EventDate "2025.06.18"]
[WhiteTeam "SK Langen"]
[BlackTeam "SV Bergwinkel"]

1. e4 c5 2. Nf3 Nc6 3. d4 cxd4 4. Nxd4 Nf6 5. Nc3 e5 6. Ndb5 d6 7. Bg5 a6 8. Na3 b5 9. Bxf6 gxf6 10. Nd5 f5 11. Bd3 Be6 12. O-O Bg7 13. c4 fxe4 14. Bxe4 Rc8 15. cxb5 axb5 16. Nxb5 O-O 17. Nxd6 Rb8 18. Nf5 Bxf5 19. Bxf5 Nd4 20. Ne3 Qg5 21. Qd3 Rxb2 22. Bxh7+ Kh8 23. Nf5 Ne2+ 24. Kh1 Nf4 25. Qg3 Bf6 26. h4 Qh5 27. Nh6 Kxh7 28. Ng4 Bxh4 29. Qh2 Qxg4 30. Rg1 Rxf2 0-1

[Event "XXVII. Rhein-Main-Open, Gruppe A"]
[Site "Bad Homburg vor der Höhe"]
[Date "2025.06.21"]
[Round "6.47"]
[White "Börsch, Dieter"]
[Black "Schultze, Jörg-Martin"]
[Result "1/2-1/2"]
[WhiteElo "1800"]
[BlackElo "1909"]
[PlyCount "39"]
[GameId "535116227295"]
[EventDate "2025.06.18"]
[WhiteTeam "SK Bad Homburg 1927"]
[BlackTeam "SF Braunfels"]

1. d4 Nf6 2. c4 e6 3. Nc3 d5 4. cxd5 exd5 5. Bg5 c6 6. e3 h6 7. Bh4 Be6 8. Bd3 Nbd7 9. Nge2 g5 10. Bg3 Nh5 11. O-O Nxg3 12. Nxg3 Nf6 13. Rc1 h5 14. Re1 h4 15. Nf1 Bd6 16. e4 Bf4 17. Rc2 dxe4 18. Nxe4 Nxe4 19. Bxe4 Qd7 20. Bf5 1/2-1/2

[Event "XXVII. Rhein-Main-Open, Gruppe A"]
[Site "Bad Homburg vor der Höhe"]
[Date "2025.06.21"]
[Round "6.48"]
[White "Holschuh, Elias"]
[Black "Gerhard, Dominik"]
[Result "1-0"]
[WhiteElo "1746"]
[BlackElo "1795"]
[PlyCount "79"]
[GameId "535116227296"]
[EventDate "2025.06.18"]
[WhiteTeam "SV Worms 1878"]
[BlackTeam "SV Oberursel"]

1. e4 d5 2. exd5 Qxd5 3. Nc3 Qa5 4. Nf3 Nf6 5. d4 Bf5 6. Bd2 Nbd7 7. Bc4 c6 8. Bb3 Qc7 9. Qe2 e6 10. Nh4 Bg4 11. f3 Bh5 12. g4 Bg6 13. O-O-O O-O-O 14. Ng2 h5 15. g5 Nd5 16. Nxd5 exd5 17. h4 Bd6 18. f4 Bf5 19. Rde1 g6 20. c3 Nb6 21. Bc2 Bxc2 22. Kxc2 Rd7 23. Qd3 Re7 24. Re2 Rhe8 25. Rhe1 Rxe2 26. Rxe2 Rxe2 27. Qxe2 Qe7 28. Qxe7 Bxe7 29. f5 Bd6 30. fxg6 fxg6 31. Bf4 Be7 32. Be5 Nd7 33. Nf4 Nxe5 34. dxe5 Kd7 35. Nxg6 Ke6 36. Nxe7 Kxe7 37. Kd3 c5 38. Ke3 Ke6 39. Kf4 a5 40. g6 1-0

[Event "XXVII. Rhein-Main-Open, Gruppe A"]
[Site "Bad Homburg vor der Höhe"]
[Date "2025.06.21"]
[Round "6.49"]
[White "Kopf, Rainer"]
[Black "Marchese, Gaspare"]
[Result "1-0"]
[WhiteElo "1893"]
[BlackElo "1869"]
[PlyCount "89"]
[GameId "535116227297"]
[EventDate "2025.06.18"]
[WhiteTeam "SC Bellheim"]
[BlackTeam "SC Matt im Park Ffm"]

1. d4 Nf6 2. Nf3 d6 3. Nc3 c6 4. e4 Bg4 5. Be2 Bxf3 6. Bxf3 Qc7 7. O-O e5 8. Ne2 Nbd7 9. c3 g6 10. Be3 Bg7 11. Qd2 O-O 12. Bh6 Rfe8 13. Ng3 Nf8 14. h4 Ne6 15. Bxg7 Kxg7 16. Rfe1 h5 17. Nf1 Qe7 18. g3 c5 19. d5 Nf8 20. a4 N6d7 21. Ne3 a6 22. Bxh5 Nf6 23. Bf3 Qd7 24. Kg2 b5 25. a5 N8h7 26. Rh1 Kf8 27. b4 c4 28. Rag1 Ke7 29. g4 Kd8 30. Kf1 Kc7 31. g5 Ng8 32. Bg4 Qd8 33. Bh3 Ne7 34. f3 Ra7 35. Qf2 Kb8 36. Ke2 Ka8 37. Kd2 Rf8 38. Qe2 f6 39. Be6 f5 40. exf5 gxf5 41. h5 f4 42. Nf1 Nf5 43. g6 Ng5 44. Bxf5 Rxf5 45. h6 1-0

[Event "XXVII. Rhein-Main-Open, Gruppe A"]
[Site "Bad Homburg vor der Höhe"]
[Date "2025.06.21"]
[Round "6.50"]
[White "Rabiya, Karim"]
[Black "Herrmann, Gerhard"]
[Result "1-0"]
[WhiteElo "1810"]
[BlackElo "1668"]
[PlyCount "49"]
[GameId "535116227298"]
[EventDate "2025.06.18"]
[WhiteTeam "SK Niederbrechen 1948"]
[BlackTeam "SC Königsspringer Alzenau e.V"]

1. e4 e5 2. Bc4 Nc6 3. Nc3 Nf6 4. d3 Bb4 5. Nge2 O-O 6. O-O h6 7. a3 Bc5 8. b4 Bb6 9. Na4 d6 10. Nxb6 axb6 11. h3 Nxb4 12. f4 Nc6 13. f5 Ne7 14. Bb2 Bd7 15. Qd2 c5 16. g4 Qc7 17. g5 hxg5 18. Qxg5 d5 19. exd5 Nexd5 20. Bxd5 Nxd5 21. f6 g6 22. Bxe5 Qc6 23. Qh6 Nxf6 24. Rxf6 Be6 25. Rxg6+ 1-0

[Event "XXVII. Rhein-Main-Open, Gruppe A"]
[Site "Bad Homburg vor der Höhe"]
[Date "2025.06.21"]
[Round "6.51"]
[White "Hebauf, Markus"]
[Black "Köhlich, Viktor"]
[Result "0-1"]
[WhiteElo "1662"]
[BlackElo "1774"]
[PlyCount "32"]
[GameId "535116227299"]
[EventDate "2025.06.18"]
[WhiteTeam "Sfr.1932 Kelkheim"]
[BlackTeam "SC Matt im Park Ffm"]

1. d4 d5 2. c4 dxc4 3. e4 e5 4. Nf3 Bb4+ 5. Nc3 exd4 6. Bxc4 dxc3 7. Bxf7+ Ke7 8. Qb3 cxb2+ 9. Qxb4+ Qd6 10. Qxb2 Kxf7 11. Ng5+ Kf8 12. Qb3 Qf6 13. e5 Qxe5+ 14. Kf1 Nh6 15. Ba3+ c5 16. Bxc5+ Qxc5 0-1

[Event "XXVII. Rhein-Main-Open, Gruppe A"]
[Site "Bad Homburg vor der Höhe"]
[Date "2025.06.21"]
[Round "6.52"]
[White "Basedow, Marc"]
[Black "Pade, Joachim"]
[Result "1-0"]
[WhiteElo "1682"]
[BlackElo "1777"]
[PlyCount "67"]
[GameId "535116227300"]
[EventDate "2025.06.18"]
[WhiteTeam "SC Bad Soden"]
[BlackTeam "SV Rochade Hünfeld"]

{[%evp 0,67,27,-20,27,19,59,45,42,16,16,19,20,36,23,-4,41,4,32,-12,7,-17,35,29,125,141,141,109,208,171,180,156,248,228,251,209,209,199,197,195,363,133,578,578,637,493,457,464,450,450,450,398,374,277,323,320,320,340,334,279,353,342,382,317,379,410,493,432,593,593]} 1. c4 d6 2. Nc3 f5 3. g3 Nf6 4. Bg2 e5 5. e3 Be7 6. Nge2 O-O 7. Qb3 c6 8. O-O Nbd7 9. c5+ d5 10. d4 g5 11. f4 e4 12. fxg5 Ne8 13. Nf4 Nb8 14. h4 Ng7 15. Bd2 a5 16. Na4 Na6 17. a3 Nc7 18. Nb6 Ra7 19. Qd1 Bxg5 20. Nxc8 Bxh4 21. Nxa7 Bxg3 22. Be1 Bxf4 23. Rxf4 Nce6 24. Bh4 Qa8 25. Nxc6 bxc6 26. Be7 Rf7 27. Bd6 Nxf4 28. Bxf4 Qe8 29. Qb3 Qe6 30. Qb8+ Ne8 31. Qe5 Qd7 32. Bh3 h5 33. Kh2 Kh7 34. Rg1 1-0

[Event "XXVII. Rhein-Main-Open, Gruppe A"]
[Site "Bad Homburg vor der Höhe"]
[Date "2025.06.22"]
[Round "7.1"]
[White "Hagner, Bennet"]
[Black "Neukirchner, Pascal"]
[Result "1/2-1/2"]
[WhiteElo "2431"]
[BlackElo "2279"]
[PlyCount "39"]
[GameId "535116227301"]
[EventDate "2025.06.18"]
[WhiteTeam "OSG Baden-Baden"]
[BlackTeam "SK Gründau"]

1. e4 c5 2. Be2 Nc6 3. f4 e6 4. Nf3 d5 5. d3 Bd6 6. O-O Nge7 7. e5 Bc7 8. c3 Bd7 9. Na3 O-O 10. d4 cxd4 11. cxd4 f6 12. Nc2 Be8 13. Bd3 Bg6 14. b4 a6 15. Re1 Qe8 16. Bxg6 Qxg6 17. Nh4 Qf7 18. Kh1 Bb6 19. Be3 fxe5 20. fxe5 1/2-1/2